loml (Lyrics)- Taylor Swift - Statistics

General Stats
  • This quiz has been taken 57 times
  • The average score is 311 of 364
Answer Stats
Answer % Correct
a
100%
A
100%
I
100%
"I
100%
me
100%
of
100%
the
100%
The
100%
we
100%
We
100%
"We
100%
you
100%
You
100%
you?
100%
and
97%
And
97%
be
97%
get
97%
go
97%
in
97%
In
97%
it
97%
It
97%
on
97%
your
97%
Your
97%
from
93%
gonna
93%
If
93%
legendary
93%
life
93%
love
93%
mind
93%
mind"
93%
Never
93%
never
93%
"Never
93%
said
93%
Still
93%
still
93%
time
93%
time"
93%
was
93%
were
93%
Who's
93%
babe"
90%
before
90%
buried
90%
don't
90%
felt
90%
getting
90%
he
90%
I'm
90%
it's
90%
just
90%
kids
90%
killing
90%
kiss
90%
like
90%
married
90%
one
90%
quite
90%
stop
90%
takes
90%
then
90%
this
90%
to
90%
us
90%
alive
86%
all
86%
All
86%
at
86%
better
86%
cemetery
86%
glimpse
86%
into
86%
know
86%
loss
86%
million
86%
nick
86%
out
86%
since
86%
Stitching
86%
suit
86%
than
86%
tie
86%
away
83%
back
83%
flames
83%
guy
83%
my
83%
safe
83%
thought
83%
times
83%
when
83%
When
83%
About
79%
anyway?
79%
die
79%
embroidered
79%
ever
79%
How
79%
life
79%
low-down
79%
memories
79%
momentary
79%
once
79%
rekindled
79%
starry-eyed
79%
steps
79%
That
79%
told
79%
waltzing
79%
What
79%
what
79%
Are
76%
black
76%
boy
76%
can't
76%
'Cause
76%
for
76%
stand-up
76%
talked
76%
tell
76%
they
76%
truth
76%
under
76%
white
76%
bed
72%
bleeds
72%
could
72%
cradles
72%
Dancing
72%
hell
72%
ink
72%
quick
72%
reformed
72%
rings
72%
second-hand
72%
shit
72%
something
72%
table
72%
turned
72%
un-recall
72%
aglow
69%
almost
69%
counterfeit's
69%
coward
69%
dynamite
69%
embarrassed
69%
fakes
69%
fate
69%
had
69%
heaven
69%
lion
69%
phantoms
69%
plot
69%
Should've
69%
Talkin'
69%
talkin'
69%
too
69%
twists
69%
winds
69%
wish
69%
You're
69%
blew
66%
cinephile
66%
claimed
66%
dead?
66%
fool
66%
hole
66%
"I'll
66%
I'll
66%
impressionist
66%
leave"
66%
Oh
66%
paintings
66%
scheme
66%
stay
66%
terrace
66%
those
66%
took
66%
unnecessary
66%
Well
66%
with
66%
bland
62%
braids
62%
combing
62%
con
62%
cry
62%
dreams
62%
field
62%
Ghost
62%
Girl
62%
goodbye
62%
Holy
62%
let
62%
lies
62%
make
62%
man
62%
Mr
62%
Our
62%
roar
62%
sells
62%
Steal
62%
valiant
62%
arson's
59%
engulfed
59%
eyes
59%
fire
59%
her
59%
match
59%
see
59%
somber
59%
through
59%
until
59%
But
55%
I've
55%
No matching quizzes found
Score Distribution
Percent of People with Each Score
Percentile by Number Answered
Your Score History
You have not taken this quiz